00471nam a2200145 450000500170000000800410001702000180005810000670007624500470014325000160019026000620020630000290026894200150029799900130031220260226120821.0260226b |||||||| |||| 00| 0 eng d a9780071313674 aWilley M. Joanne, Sherwood M. Linda, Woolverton J. Christopher aPrescott's Microbiologyc/Joanne M. willey a8th Edition aUnited States of America;bMcGraw-Hill Company Inc;c2011 axviii,1070p.ill;c27.5cm 2lccn0cBK c176d176